| 000 | 00774nam a2200193 a 4500 | ||
|---|---|---|---|
| 008 | 120131s2002 ||||||||||||||||| || u | ||
| 020 | _a9780750688734 | ||
| 050 | _aSF 768 Tar | ||
| 100 | _aTartaglia, Louise | ||
| 245 | 1 | 0 |
_aVeterinary physiology and applied anatomy: a textbook for veterinary nurses and technicians _cLouise Tartaglia with Anne Waugh |
| 260 |
_aEdinburgh _bElsevier/Butterworth Heinemann _c2002 |
||
| 300 | _aix, 209p.: ill. | ||
| 350 | _a0.00 | ||
| 500 | _aBibliography | ||
| 650 | _aVETERINARY ANATOMY | ||
| 650 | _aVETERINARY PHYSIOLOGY | ||
| 700 | _aWaugh, Anne | ||
| 995 |
_aMEDICAL LIBRARY OPEN ACCESS _e742820 _FCBU-SCHOOL OF MEDICINE LIBRARY (Ndola) _I0.00 _jSF 768 Tar _M1 _UAVAILABLE _WJul 12, 2012 _y742820 _ZMedical Library Open Access Collection |
||
| 999 |
_c32972 _d32972 |
||